MARC

LEADER 00000nam0a2200000 4500
001 250551
005 20231101232556.0
010 |a 5030012826 
035 |a (RuTPU)RU\TPU\book\272760 
090 |a 250551 
100 |a 20140214d1988 m y0rusy50 ca 
101 1 |a rus  |c eng 
102 |a RU 
105 |a a z 001zy 
200 1 |a Свет и освещение  |e пер. с англ.  |f Д. Килпатрик 
210 |a Москва  |c Мир  |d 1988 
215 |a 223 с.  |c ил. 
320 |a Предм. указ.: с. 218-219. 
606 1 |a Прикладная фотография  |2 stltpush  |3 (RuTPU)RU\TPU\subj\51673  |9 70245 
610 1 |a фотографы 
610 1 |a естественное освещение 
610 1 |a искусственное освещение 
610 1 |a осветительные приборы 
610 1 |a свет 
610 1 |a фотографии 
610 1 |a фотографическая обработка 
610 1 |a съемочные камеры 
610 1 |a освещение 
610 1 |a дневные котировки 
610 1 |a моделирование 
610 1 |a технические помехи 
610 1 |a цвет 
675 |a 778  |v 3 
700 1 |a Килпатрик  |b Д.  |g Дэвид 
801 1 |a RU  |b 63413507  |c 20140214 
801 2 |a RU  |b 63413507  |c 20140224  |g RCR 
942 |c BK